Command Performance <The> Neglected Dimension of European Security
Enregistré dans:
| Auteur principal: | |
|---|---|
| Format: | Livre |
| Langue: | anglais |
| Publié: |
Washington
The Brookings Institution
1991
|
| Édition: | 1. ed. |
| Sujets: | |
| Tags: |
Pas de tags, Soyez le premier à ajouter un tag!
|
MARC
| LEADER | 00000nam a2200000 4500 | ||
|---|---|---|---|
| 001 | c003027 | ||
| 005 | 20221206114455.2 | ||
| 020 | |a 0-8157-8111-3 | ||
| 041 | 0 | |a eng | |
| 044 | |a US | ||
| 245 | 1 | 0 | |a Command Performance |b <The> Neglected Dimension of European Security |c Paul B. Stares |
| 250 | |a 1. ed. | ||
| 264 | 1 | |a Washington |b The Brookings Institution |c 1991 | |
| 300 | |a 240 s. | ||
| 610 | 2 | 0 | |a vojenstvo |
| 610 | 2 | 0 | |a obrana štátu |
| 610 | 2 | 0 | |a bezpečnosť |
| 610 | 2 | 0 | |a NATO |
| 610 | 2 | 0 | |a Európa |
| 100 | 1 | |a Stares, Paul B. | |